[Event "SVK-ch U18/20"]
[Site "Tatralandia"]
[Date "2025.05.15"]
[Round "6"]
[White "Droppa, Kristian"]
[Black "Hanzel, Richard"]
[Result "1-0"]
[WhiteElo "1594"]
[BlackElo "1722"]
[PlyCount "93"]
[EventDate "2025.05.11"]
[EventType "swiss"]
[EventRounds "9"]
[EventCountry "SVK"]
[SourceTitle "CB21_2025"]
[SourceDate "2025.05.21"]
[SourceVersion "1"]
[SourceVersionDate "2025.05.21"]
[SourceQuality "1"]

1. c4 c6 2. Nf3 d5 3. e3 Nf6 4. d4 e6 5. Qc2 Nbd7 6. Nc3 Bd6 7. b3 b6 8. Be2 Bb7 9. 0-0 0-0 10. Bb2 Qe7 11. Rad1 Rac8 12. Rfe1 Rfd8 13. Bf1 h6 14. e4 dxe4 15. Nxe4 Nxe4 16. Qxe4 Nf6 17. Qd3 Qc7 18. g3 Be7 19. Bh3 Re8 20. Ne5 Bd6 21. c5 Bxe5 22. dxe5 Nd5 23. Qc4 b5 24. Qe4 a5 25. Bf1 Qe7 26. Bd4 Rcd8 27. Bd3 g6 28. Be3 Nxe3 29. Qxe3 Kg7 30. Be4 Rxd1 31. Rxd1 Rd8 32. Rd6 b4 33. Qd4 Rxd6 34. cxd6 Qd7 35. Qb6 f6 36. f4 f5 37. Bg2 g5 38. Qxa5 gxf4 39. gxf4 Qf7 40. Qb6 Ba8 41. Qc7 Qxc7 42. dxc7 Bb7 43. Bxc6 Bc8 44. Kf2 Kg6 45. Bf3 Kf7 46. Ke3 Ke7 47. Bc6 1-0

[Event "SVK-ch U18/20"]
[Site "Tatralandia"]
[Date "2025.05.13"]
[Round "4"]
[White "Droppa, Kristian"]
[Black "Lichvar, Simon"]
[Result "1-0"]
[WhiteElo "1594"]
[BlackElo "1773"]
[PlyCount "65"]
[EventDate "2025.05.11"]
[EventType "swiss"]
[EventRounds "9"]
[EventCountry "SVK"]
[SourceTitle "CB21_2025"]
[SourceDate "2025.05.21"]
[SourceVersion "1"]
[SourceVersionDate "2025.05.21"]
[SourceQuality "1"]

1. d4 Nf6 2. c4 c5 3. d5 g6 4. Nc3 Bg7 5. Nf3 e6 6. g3 d6 7. Bg2 0-0 8. 0-0 a6 9. a4 exd5 10. cxd5 Re8 11. Nd2 Nbd7 12. Nc4 Nb6 13. Na3 Bf5 14. h3 h5 15. a5 Nbd7 16. Nc4 Qc7 17. Bf4 Bf8 18. Re1 b5 19. axb6 Nxb6 20. Nxb6 Qxb6 21. e4 Bd7 22. e5 Nh7 23. e6 fxe6 24. dxe6 Bc6 25. Nd5 Qb7 26. e7 Bg7 27. Bxd6 Bd4 28. Qf3 Ng5 29. Nf6+ Bxf6 30. Qxc6 Nxh3+ 31. Kh2 Qxc6 32. Bxc6 Nxf2 33. Bxa8 1-0

[Event "SVK-ch U18/20"]
[Site "Tatralandia"]
[Date "2025.05.13"]
[Round "3"]
[White "Osvald, David"]
[Black "Droppa, Kristian"]
[Result "1-0"]
[WhiteElo "1791"]
[BlackElo "1594"]
[PlyCount "59"]
[EventDate "2025.05.11"]
[EventType "swiss"]
[EventRounds "9"]
[EventCountry "SVK"]
[SourceTitle "CB21_2025"]
[SourceDate "2025.05.21"]
[SourceVersion "1"]
[SourceVersionDate "2025.05.21"]
[SourceQuality "1"]

1. d4 Nf6 2. c4 c5 3. d5 e6 4. Nc3 exd5 5. cxd5 d6 6. e4 g6 7. f4 Bg7 8. Bb5+ Nfd7 9. a4 0-0 10. Nf3 Re8 11. 0-0 Na6 12. Re1 Nb4 13. Bf1 a6 14. Kh1 f5 15. e5 dxe5 16. d6 e4 17. Qb3+ Kh8 18. Ng5 Qf6 19. Ncxe4 fxe4 20. Rxe4 Nf8 21. Rxe8 Be6 22. Rxe6 Nxe6 23. Qxe6 Qxe6 24. Nxe6 Bf6 25. Nxc5 Re8 26. Bd2 Nc6 27. d7 Rd8 28. Re1 Be7 29. Bc3+ Kg8 30. Bc4+ 1-0

[Event "SVK-ch U18/20"]
[Site "Tatralandia"]
[Date "2025.05.11"]
[Round "1"]
[White "Buzalka, Martin"]
[Black "Droppa, Kristian"]
[Result "1-0"]
[WhiteElo "1927"]
[BlackElo "1594"]
[PlyCount "67"]
[EventDate "2025.05.11"]
[EventType "swiss"]
[EventRounds "9"]
[EventCountry "SVK"]
[SourceTitle "CB21_2025"]
[SourceDate "2025.05.21"]
[SourceVersion "1"]
[SourceVersionDate "2025.05.21"]
[SourceQuality "1"]

1. d4 d5 2. c4 e6 3. Nf3 Nf6 4. g3 Bb4+ 5. Bd2 Be7 6. b3 0-0 7. Bg2 c6 8. 0-0 b6 9. Nc3 Ba6 10. cxd5 Nxd5 11. Re1 Nd7 12. a3 Rc8 13. e4 Nxc3 14. Bxc3 c5 15. e5 Bb7 16. b4 cxd4 17. Qxd4 Nb8 18. Qe3 Qc7 19. Rac1 Bd5 20. Bf1 Qb7 21. Ng5 Rc7 22. Bd2 Rxc1 23. Rxc1 h6 24. Nh3 a5 25. bxa5 Bc5 26. Qc3 Rc8 27. Be3 bxa5 28. Bxc5 Nd7 29. Qxa5 Nxe5 30. Be2 Qb2 31. Re1 Bc4 32. Bd6 Bxe2 33. Qxe5 Qb7 34. Qxe2 1-0